000
00283nam a22001097a 4500
999
_c
160095
_d
160095
082
_a
_b
100
_a
Gayatri N
245
_a
Leeladhar jagooti ki kavita aak visleshnathmak adhyayan/
_c
by Gayatri N.
260
_a
Mathura:
_b
Jawahar Pustakalaya,
_c
2014.
650
_a
942
_c
BK